000 00332nam a2200133Ia 4500
008 220216s9999 xx 000 0 und d
100 _aLewis J
245 0 _aReclaiming and the testing of the products
260 _bIRI Transactions
_c1943
300 _a282-285
650 _aReclaiming
650 _aRubber products
942 _cJS
999 _c66521
_d66521